| 000 | 01419cam a2200385 i 4500 | ||
|---|---|---|---|
| 999 |
_c200429451 _d47375 |
||
| 001 | 200429451 | ||
| 003 | TR-AnTOB | ||
| 005 | 20230602155742.0 | ||
| 007 | ta | ||
| 008 | 040510s2002 tu ab b 010 0 tur d | ||
| 020 | _a9754092214 | ||
| 040 |
_aMiU _beng _erda _cMiU _dDLC _dTR-AnTOB |
||
| 041 | 0 | _atur | |
| 050 | 0 | 0 |
_aDS54.42.T87 _bY87 2002 |
| 090 |
_aDS54.42.T87 _bY87 2002 |
||
| 100 | 1 |
_aYurdakul, Erdal _eauthor _9119706 |
|
| 245 | 1 | 0 |
_aKıbrıs Türkleri ve Atatürk inkılâplarının Kıbrıs'ta uygulanması / _cDr. E. Tuğg. Erdal Yurdakul. |
| 264 | 1 |
_aAnkara : _bGenel Kurmay Askeri Tarih ve Stratejik Etüt Başkanlığı Yayınları, _c2002. |
|
| 300 |
_av, 147 pages : _billustrations, maps ; _c25 cm. |
||
| 336 |
_atext _2rdacontent _btxt |
||
| 337 |
_aunmediated _2rdamedia _bn |
||
| 338 |
_avolume _2rdacarrier _bnc |
||
| 490 | 0 |
_aGenelkurmay Basımevi ; _v2002/95 |
|
| 504 | _aIncludes bibliographical references (pages 145-147). | ||
| 590 | _aDonated by Levent Kuşoğlu | ||
| 600 | 1 | 0 |
_aAtatürk, Mustafa Kemal _d1881-1938 _920781 |
| 650 | 7 |
_aTurks _zCyprus _xHistory _2etuesh _933793 |
|
| 650 | 7 |
_aTürkler _zKıbrıs _xTarih _2etuturkob _933790 |
|
| 650 | 0 |
_aKemalism _9117908 |
|
| 650 | 0 |
_aKemalizm _912479 |
|
| 651 | 0 |
_aCyprus _xHistory _y20th century _937603 |
|
| 651 | 7 |
_aKıbrıs _xTarih _y20. yüzyıl _2etuturkob _955659 |
|
| 942 |
_2lcc _cBK |
||